Les Fleurs Du Mal Lingua francese

I tiakina i:
Ngā taipitopito rārangi puna kōrero
Kaituhi matua: Charles Baudelaire
Hōputu: Pukapuka
Reo:Undetermined
I whakaputaina: Pocek
Ngā Tūtohu: Tāpirihia he Tūtohu
Kāore He Tūtohu, Me noho koe te mea tuatahi ki te tūtohu i tēnei pūkete!

MARC

LEADER 00000nam a2200000Ia 4500
001 R-1328
003 CODICE-MESSINA
005 20260212102505.0
008 260211s9999 xx 000 0 und d
040 |c importazione_messina 
100 |a Charles Baudelaire 
245 0 |a Les Fleurs Du Mal 
245 0 |b Lingua francese 
260 |b Pocek 
942 |2 ddc  |c BK 
952 |0 0  |1 0  |2 ddc  |4 0  |6 SCAFFALE_12_000000000000000__POESIA  |7 0  |9 32161  |a ME  |b ME  |d 2026-02-11  |l 0  |o SCAFFALE 12 - POESIA  |p R-1328  |r 2026-02-11 23:53:00  |w 2026-02-11  |x [REVISIONARE]  |y BK 
999 |c 27828  |d 27828